[Event "9th Leiden Open A 2015"]
[Site "Leiden NED"]
[Date "2015.07.18"]
[Round "2.6"]
[White "De Jong, Jan-Willem"]
[Black "Heemskerk, Wim"]
[Result "1-0"]
[WhiteTitle "IM"]
[BlackTitle "FM"]
[WhiteElo "2448"]
[BlackElo "2175"]
[WhiteFideId "1008641"]
[BlackFideId "1001000"]
[EventDate "2015.07.17"]

1. d4 d6 2. e4 Nf6 3. Nc3 c6 4. f4 Qa5 5. e5 Ne4 6. Bd3 Nxc3 7. Qd2 g6 8. Nf3
Bg4 9. O-O Bxf3 10. Rxf3 e6 11. exd6 Bxd6 12. bxc3 Nd7 13. Qf2 O-O-O 14. Be3 Nb6
15. Rb1 Bb8 16. Rb3 Qxa2 17. Qe2 Nd5 18. Bd2 Qa5 19. Rf1 Qc7 20. c4 Nb6 21. c5
Nd5 22. g3 Qe7 23. Rfb1 Rd7 24. Ba6 Nb6 25. cxb6 bxa6 26. Qxa6+ Kd8 27. bxa7
Bxa7 28. Rb8+ 1-0

[Event "9th Leiden Open A 2015"]
[Site "Leiden NED"]
[Date "2015.07.18"]
[Round "2.7"]
[White "Van der Marel, Lambertus"]
[Black "Pijpers, Arthur"]
[Result "1/2-1/2"]
[WhiteElo "2161"]
[BlackElo "2433"]
[WhiteFideId "1005855"]
[BlackFideId "1019554"]
[EventDate "2015.07.17"]

1. b3 d5 2. Bb2 Bg4 3. g3 e6 4. Bg2 Nf6 5. Nf3 Nbd7 6. O-O Bd6 7. d3 O-O 8. Nbd2
Qe7 9. c4 c6 10. Qc2 Bh5 11. Rae1 a5 12. e4 dxe4 13. dxe4 e5 14. Nh4 Bb4 15. Nf5
Qc5 16. h3 Rfd8 17. g4 Nf8 18. Rd1 Bg6 19. Nf3 N6d7 20. Qc1 Bxf5 21. exf5 Qe7
22. a3 Bc5 23. Rfe1 f6 24. Nd2 Bb6 25. Qc2 Bc5 26. Qc1 Bb6 27. Qc2 Nc5 28. Ne4
Nxe4 29. Bxe4 Bc5 30. Qc1 Rxd1 31. Rxd1 Rd8 32. Rxd8 Qxd8 33. Bc3 Qb6 34. Qb2
Bd4 35. b4 axb4 36. axb4 Bxc3 37. Qxc3 Qd4 38. Qxd4 exd4 39. f4 c5 40. Bxb7 Nd7
41. Bc6 Nb8 42. Bd5+ Kf8 43. bxc5 Na6 44. c6 Ke7 45. Kf2 Kd6 46. Ke2 Kc5 47. h4
Nc7 48. Kd3 Na6 49. Ke4 Nc7 50. g5 Ne8 51. Kf3 Nc7 52. Kg4 d3 53. Bf3 Ne8 54.
Kh5 Kd6 55. gxf6 Nxf6+ 56. Kg5 d2 57. h5 Ne4+ 58. Kh4 h6 59. f6 Nxf6 60. Kg3
Ne4+ 61. Kg4 Nf2+ 62. Kf5 Nd3 63. Kg6 Nxf4+ 64. Kxg7 Nxh5+ 65. Bxh5 Kxc6 66.
Kxh6 1/2-1/2

[Event "9th Leiden Open A 2015"]
[Site "Leiden NED"]
[Date "2015.07.18"]
[Round "2.8"]
[White "Wallgren, Ulf"]
[Black "Van Overdam, Julian"]
[Result "0-1"]
[WhiteElo "2141"]
[BlackElo "2367"]
[WhiteFideId "1706527"]
[BlackFideId "1015303"]
[EventDate "2015.07.17"]

1. e4 c5 2. Nf3 e6 3. c3 d5 4. e5 d4 5. Bd3 Nc6 6. O-O Nge7 7. Re1 Ng6 8. g3 f5
9. h4 Be7 10. h5 Nf8 11. Na3 g6 12. Qe2 gxh5 13. Nc4 Ng6 14. Nd6+ Bxd6 15. exd6
O-O 16. cxd4 Nxd4 17. Nxd4 cxd4 18. Bc4 Qxd6 19. d3 h4 20. Bh6 hxg3 21. Bxf8
Kxf8 22. fxg3 Qxg3+ 23. Qg2 Qxg2+ 24. Kxg2 Bd7 25. Kf2 Ke7 26. Rh1 Rh8 27. Rag1
Kf6 28. Rh6 Kg7 29. Rh5 h6 30. Ke2 Kf6 31. Kd2 Ne5 32. Rgh1 Ng4 33. Bb3 Be8 34.
R5h4 h5 35. Re1 e5 36. Bd5 Bg6 37. Rc1 e4 38. Bxb7 Ne5 39. Rhh1 e3+ 40. Ke2 Rb8
41. Rc7 f4 0-1

[Event "9th Leiden Open A 2015"]
[Site "Leiden NED"]
[Date "2015.07.18"]
[Round "2.9"]
[White "Gindi, Shachar"]
[Black "Jongste, David"]
[Result "1-0"]
[WhiteTitle "FM"]
[WhiteElo "2336"]
[BlackElo "1976"]
[WhiteFideId "2804182"]
[BlackFideId "1042637"]
[EventDate "2015.07.17"]

1. c4 Nf6 2. Nc3 g6 3. g3 Bg7 4. Bg2 d6 5. Nf3 O-O 6. O-O Nc6 7. Rb1 a5 8. a3 e5
9. d3 Re8 10. Nd2 Be6 11. b4 axb4 12. axb4 d5 13. b5 Ne7 14. Bb2 c6 15. Nf3 dxc4
16. Nxe5 Nfd5 17. Nxd5 Bxd5 18. Nxc4 Bxg2 19. Kxg2 cxb5 20. Bxg7 bxc4 21. Ba1
Qd5+ 22. Kg1 cxd3 23. exd3 Nc6 24. Qb3 Qxb3 25. Rxb3 Rad8 26. Kg2 Nd4 27. Rxb7
Nc2 28. Bf6 Rxd3 29. Rfb1 Rd6 30. Rb8 Re6 31. Rxe8+ Rxe8 32. Rb3 h6 33. g4 g5
34. Rh3 Kh7 35. Bxg5 Re6 36. Bd2 Kg7 37. Kf1 f6 38. Bxh6+ Kf7 39. Rc3 Nd4 40.
Rc7+ Kg6 41. Be3 Nc6 42. h4 Ne7 43. h5+ 1-0

[Event "9th Leiden Open A 2015"]
[Site "Leiden NED"]
[Date "2015.07.18"]
[Round "2.10"]
[White "Van der Raaf, Erik"]
[Black "Postny, Evgeny"]
[Result "0-1"]
[BlackTitle "GM"]
[WhiteElo "2110"]
[BlackElo "2642"]
[WhiteFideId "1004115"]
[BlackFideId "2804344"]
[EventDate "2015.07.17"]

1. e4 c6 2. Ne2 d5 3. e5 c5 4. d4 Nc6 5. c3 Bg4 6. dxc5 Nxe5 7. Qd4 Bxe2 8. Bxe2
Nc6 9. Bb5 Nf6 10. Be3 g6 11. O-O Bg7 12. Nd2 O-O 13. Qh4 Qc7 14. Rad1 h5 15.
Nf3 e6 16. Rfe1 Ne4 17. Bd3 f5 18. Bxe4 fxe4 19. Nd4 Qf7 20. Nb5 Ne5 21. Nd6 Qc7
22. Qh3 Ng4 23. Re2 Be5 24. f3 Nxe3 25. Qxe6+ Kh7 26. Rxe3 Bf4 27. Ree1 Qxc5+
28. Kh1 Qxd6 29. Qxd6 Bxd6 30. Rxd5 Rad8 31. Rxe4 Bc5 32. Rde5 Rd1+ 33. Re1
Rxe1+ 34. Rxe1 h4 35. b4 Bf2 36. Rf1 Rd8 37. h3 Rd2 38. a4 Rc2 39. c4 Bg3 40. c5
Rb2 0-1

[Event "9th Leiden Open A 2015"]
[Site "Leiden NED"]
[Date "2015.07.18"]
[Round "2.11"]
[White "Chatalbashev, Boris"]
[Black "Happel, Henk"]
[Result "1-0"]
[WhiteTitle "GM"]
[BlackTitle "FM"]
[WhiteElo "2516"]
[BlackElo "2107"]
[WhiteFideId "2900440"]
[BlackFideId "1001078"]
[EventDate "2015.07.17"]

1. c4 e6 2. Nf3 d5 3. g3 c6 4. b3 Nf6 5. Bg2 Be7 6. Bb2 O-O 7. O-O b6 8. d3 Bb7
9. Nbd2 c5 10. d4 Nc6 11. cxd5 exd5 12. Rc1 Nxd4 13. Nxd4 cxd4 14. Bxd4 Rc8 15.
e3 Qd7 16. Nf3 Rxc1 17. Qxc1 Rc8 18. Qb2 Qf5 19. Rc1 Rxc1+ 20. Qxc1 Qc8 21. Qb2
Qf5 22. h3 h6 23. g4 Qe6 24. Bc3 Qd7 25. Ne5 Qd8 26. Nd3 Ne8 27. Nf4 Bf6 28. Bd4
Qd6 29. b4 Bxd4 30. Qxd4 Nc7 31. a4 Ne6 32. Nxe6 Qxe6 33. a5 Qc6 34. Qe5 bxa5
35. bxa5 Kh7 36. h4 a6 37. g5 hxg5 38. hxg5 Qb5 39. Bf3 Qd7 40. Kg2 d4 41. Qh2+
Kg8 42. Qb8+ Bc8 43. exd4 Qh3+ 44. Kg1 Qxf3 45. Qxc8+ Kh7 46. Qc2+ Kg8 47. Qd2
Qd5 48. Kh2 f6 49. gxf6 gxf6 50. Kg3 Kf7 51. f3 Ke6 52. Qe2+ Kf7 53. Qd2 Ke6 54.
Qb4 Qg5+ 55. Kf2 Qh4+ 56. Ke2 Qh2+ 57. Kd3 Qf2 58. Qc4+ Kf5 59. Qd5+ Kg6 60.
Qe4+ f5 61. Qe6+ 1-0

[Event "9th Leiden Open A 2015"]
[Site "Leiden NED"]
[Date "2015.07.18"]
[Round "2.12"]
[White "Petrov, Marian"]
[Black "Van der Meer, Kees"]
[Result "1-0"]
[WhiteTitle "GM"]
[WhiteElo "2487"]
[BlackElo "2038"]
[WhiteFideId "2901773"]
[BlackFideId "1007793"]
[EventDate "2015.07.17"]

1. e4 c5 2. Nf3 Nc6 3. Bb5 g6 4. Bxc6 dxc6 5. d3 Bg7 6. h3 Nf6 7. Nc3 O-O 8. Be3
Nd7 9. Qd2 e5 10. h4 f6 11. h5 Rf7 12. hxg6 hxg6 13. Nh4 g5 14. Nf5 b6 15. O-O-O
Nf8 16. g3 a5 17. f4 Ne6 18. fxe5 fxe5 19. Qh2 Raa7 20. Rdf1 Qf6 21. Qh7+ Kf8
22. Rf2 Rac7 23. Nd1 Rcd7 24. Nh6 1-0

[Event "9th Leiden Open A 2015"]
[Site "Leiden NED"]
[Date "2015.07.18"]
[Round "2.13"]
[White "Van Delft, Merijn"]
[Black "Knudsen, Martin"]
[Result "1-0"]
[WhiteTitle "IM"]
[WhiteElo "2428"]
[BlackElo "2026"]
[WhiteFideId "1004670"]
[BlackFideId "1406523"]
[EventDate "2015.07.17"]

1. e4 d6 2. d4 Nf6 3. Nc3 e5 4. Nf3 exd4 5. Nxd4 g6 6. Be3 Bg7 7. Qd2 a6 8.
O-O-O b5 9. f3 h5 10. Kb1 Bd7 11. Bg5 Qc8 12. Nd5 Nxd5 13. exd5 O-O 14. h3 Qb7
15. Ne2 b4 16. g4 c6 17. Bh6 h4 18. Bxg7 Kxg7 19. Qg5 cxd5 20. Nf4 Bb5 21. Nh5+
Kh7 22. Nf6+ Kg7 23. Nh5+ Kh7 24. Nf6+ Kg7 25. Nxd5 Nd7 26. Bd3 Bxd3 27. Rxd3 f6
28. Qxh4 Ne5 29. Rdd1 Nxf3 30. Qg3 Ne5 31. h4 a5 32. g5 fxg5 33. hxg5 Rh8 34.
Rhe1 Rae8 35. Nf6 Re6 36. Rxd6 Qe7 37. Rxe6 Qxe6 38. b3 a4 39. bxa4 Nd3 40. cxd3 1-0

[Event "9th Leiden Open A 2015"]
[Site "Leiden NED"]
[Date "2015.07.18"]
[Round "2.14"]
[White "Erwich, Frank"]
[Black "Roozendaal, Marc"]
[Result "1-0"]
[WhiteTitle "FM"]
[WhiteElo "2361"]
[BlackElo "1989"]
[WhiteFideId "1007076"]
[BlackFideId "1003488"]
[EventDate "2015.07.17"]

1. e4 c6 2. c4 d5 3. exd5 cxd5 4. cxd5 Nf6 5. Nc3 Nxd5 6. Nf3 Nc6 7. d4 e6 8.
Bd3 Be7 9. O-O Bf6 10. Be4 Nce7 11. Qd3 Bd7 12. Ne5 Bxe5 13. dxe5 Nxc3 14. bxc3
Bc6 15. Bxc6+ bxc6 16. Qxd8+ Rxd8 17. Ba3 Nd5 18. Rac1 f6 19. Rfe1 fxe5 20. Rxe5
Kf7 21. g3 Rd7 22. c4 Nb6 23. Rc3 Kf6 24. Re4 e5 25. Rf3+ Ke6 26. Bb2 Rd1+ 27.
Kg2 Nd7 28. Bxe5 Nxe5 29. Rfe3 Rhd8 30. Rxe5+ Kd6 31. Re7 a5 32. R3e5 Rc1 33.
R5e6+ Kc5 34. Rxg7 Rxc4 35. Rxh7 Rd2 36. h4 Rxa2 37. h5 Kd5 38. Re1 Rcc2 39. Rf7
Rab2 40. h6 Rb8 41. h7 a4 42. Rf5+ Kd6 43. Rh1 Rh8 44. Rg5 Rf8 45. Rg8 1-0

[Event "9th Leiden Open A 2015"]
[Site "Leiden NED"]
[Date "2015.07.18"]
[Round "2.15"]
[White "Den Hartog, Marijn"]
[Black "Palit, Somak"]
[Result "0-1"]
[BlackTitle "IM"]
[WhiteElo "2088"]
[BlackElo "2360"]
[WhiteFideId "1046098"]
[BlackFideId "5010454"]
[EventDate "2015.07.17"]

1. e4 e5 2. Nf3 Nc6 3. Bb5 Nge7 4. d4 exd4 5. Bg5 h6 6. Bh4 g5 7. Bg3 Bg7 8. O-O
a6 9. Bxc6 dxc6 10. Qd3 Be6 11. Qa3 g4 12. Nh4 Qd7 13. f4 gxf3 14. Rxf3 O-O-O
15. Nd2 Ng6 16. Nxg6 fxg6 17. Nb3 Bf8 18. Nc5 Qe7 19. Qa5 Bc4 20. Nd3 Bg7 21.
Raf1 Rd7 22. b3 b6 23. Qe1 Bg8 24. a4 a5 25. Qe2 Kb7 26. Ra1 g5 27. Rb1 Bh7 28.
Nf2 Bg6 29. Rd3 h5 30. h3 Rf8 31. b4 axb4 32. Rdb3 c5 33. a5 Bf7 34. R3b2 d3 35.
Nxd3 Bxb2 36. Rxb2 Bc4 37. axb6 cxb6 38. e5 Qe6 39. Qe4+ Qd5 40. Qe2 Bxd3 41.
cxd3 Qxd3 0-1

[Event "9th Leiden Open A 2015"]
[Site "Leiden NED"]
[Date "2015.07.18"]
[Round "2.16"]
[White "Wilschut, Peter"]
[Black "Corstjens, Rolf"]
[Result "1-0"]
[WhiteElo "2238"]
[BlackElo "1953"]
[WhiteFideId "1007165"]
[BlackFideId "1045687"]
[EventDate "2015.07.17"]

1. c4 Nf6 2. Nc3 c6 3. Nf3 d6 4. g3 e5 5. d4 Nbd7 6. Bg2 Be7 7. O-O O-O 8. Qc2
a6 9. a4 Rb8 10. Rd1 Qc7 11. a5 b5 12. axb6 Qxb6 13. c5 Qc7 14. cxd6 Bxd6 15.
dxe5 Nxe5 16. Rxd6 Nxf3+ 17. Bxf3 Qxd6 18. Bf4 Qb4 19. Bxb8 Qxb8 20. Bxc6 Bb7
21. Bxb7 Qxb7 22. Rd1 g6 23. Rd6 Ng4 24. Nd5 Qb5 25. h3 Ne5 26. b3 f5 27. Ne7+
Kf7 28. Rd5 Qb8 29. Qc5 Ke6 30. f4 Nf7 31. Qe3+ Kf6 32. Nc6 Qc8 33. Qd4+ Ke6 34.
Qc4 Nd6 35. Nd4+ Kd7 36. Qb4 Rf6 37. Nf3 Qc1+ 38. Kf2 Kc6 39. Rd4 Re6 40. Ne5+
Kc7 41. Qa5+ Kb8 42. Qb6+ Kc8 43. Rxd6 1-0

[Event "9th Leiden Open A 2015"]
[Site "Leiden NED"]
[Date "2015.07.18"]
[Round "2.17"]
[White "Van der Elburg, Freddie"]
[Black "Vreeburg, Jan"]
[Result "1-0"]
[WhiteElo "2185"]
[BlackElo "1901"]
[WhiteFideId "1007904"]
[BlackFideId "1019066"]
[EventDate "2015.07.17"]

1. f4 d5 2. Nf3 c5 3. g3 Nc6 4. Bg2 g6 5. O-O Bg7 6. d3 Nf6 7. c3 O-O 8. Na3 Bd7
9. Qe1 e6 10. e4 dxe4 11. dxe4 Ne7 12. Ne5 a6 13. Be3 Qc7 14. Qf2 b6 15. Nac4
Bb5 16. h3 Rac8 17. a4 Bxc4 18. Nxc4 Nd7 19. Rfd1 Rfd8 20. a5 b5 21. Nd6 Rb8 22.
g4 Bf8 23. e5 Nc6 24. Bxc5 Ncxe5 25. Bb6 Nxb6 26. axb6 Rxb6 27. fxe5 Bg7 28. Rf1
Rf8 29. g5 Bxe5 30. Ne4 Rbb8 31. Rxa6 b4 32. Ra7 Qb6 33. Qxb6 Rxb6 34. Nf6+ Kg7
35. Nd7 1-0

[Event "9th Leiden Open A 2015"]
[Site "Leiden NED"]
[Date "2015.07.18"]
[Round "2.23"]
[White "Bebchuk, Leonid"]
[Black "Bishoen, Bob"]
[Result "0-1"]
[WhiteElo "2072"]
[BlackElo "1968"]
[WhiteFideId "2803305"]
[BlackFideId "1054104"]
[EventDate "2015.07.17"]

1. e4 c5 2. Nf3 d6 3. d4 cxd4 4. Nxd4 Nf6 5. Nc3 g6 6. Be3 a6 7. f3 b5 8. Qd2
Bb7 9. O-O-O Nbd7 10. g4 h6 11. Kb1 b4 12. Na4 e5 13. Ne2 d5 14. exd5 Bxd5 15.
Bg2 Bc6 16. b3 Bxa4 17. bxa4 Qa5 18. f4 Rd8 19. h3 Be7 20. Qc1 O-O 21. fxe5 Nxe5
22. Bxh6 Nc4 23. Rxd8 Rxd8 24. Rd1 Na3+ 25. Kb2 Qe5+ 26. Kb3 Qxe2 27. Rxd8+ Bxd8
28. Bf1 Qe6+ 29. Kb2 a5 30. Qe3 Ne4 31. Qd3 Bf6+ 32. Kc1 Qe5 33. c3 Nxc3 34. Bd2
Nxa2+ 0-1

[Event "9th Leiden Open A 2015"]
[Site "Leiden NED"]
[Date "2015.07.19"]
[Round "3.1"]
[White "Milov, Leonid"]
[Black "Howell, David W L"]
[Result "0-1"]
[WhiteTitle "GM"]
[BlackTitle "GM"]
[WhiteElo "2462"]
[BlackElo "2698"]
[WhiteFideId "14101068"]
[BlackFideId "410608"]
[EventDate "2015.07.17"]

1. e4 e6 2. d4 d5 3. Nc3 Nf6 4. e5 Nfd7 5. Nf3 c5 6. Ne2 Qb6 7. c3 Nc6 8. a3 f6
9. exf6 Nxf6 10. b4 cxd4 11. cxd4 Bd6 12. Nc3 O-O 13. Be2 Ne4 14. Na4 Qd8 15.
O-O b6 16. Bb2 Qf6 17. Nc3 Bb7 18. Nb5 Bb8 19. Rc1 Bf4 20. Rc2 Rac8 21. g3 Bb8
22. Nc3 Nd6 23. Rd2 Nc4 24. Bxc4 dxc4 25. Nh4 Qh6 26. Qe2 Rcd8 27. Rfd1 Bf4 28.
gxf4 Qxh4 29. d5 exd5 30. Nxd5 Rde8 31. Qf3 Re6 32. f5 Ne5 33. Bxe5 Rxe5 34.
Nf6+ Qxf6 35. Qxb7 Rxf5 36. Qc7 0-1

[Event "9th Leiden Open A 2015"]
[Site "Leiden NED"]
[Date "2015.07.19"]
[Round "3.2"]
[White "Van Overdam, Julian"]
[Black "Tiviakov, Sergei"]
[Result "1/2-1/2"]
[BlackTitle "GM"]
[WhiteElo "2367"]
[BlackElo "2639"]
[WhiteFideId "1015303"]
[BlackFideId "1008013"]
[EventDate "2015.07.17"]

1. e4 e6 2. d4 d5 3. Nd2 c5 4. c3 cxd4 5. cxd4 dxe4 6. Nxe4 Bb4+ 7. Nc3 Nf6 8.
Nf3 O-O 9. a3 Be7 10. Bc4 Nbd7 11. O-O Nb6 12. Bb3 Bd7 13. Ne5 Bc6 14. Re1 Nbd5
15. Qd3 Rc8 16. Bc2 g6 17. Bh6 Re8 18. Qh3 Qd6 19. Bg5 Nh5 20. Ne4 Qd8 21. Bxe7
Rxe7 22. Bb3 Kg7 23. Rac1 Rec7 24. Rcd1 Ndf4 25. Qe3 Bd5 26. g3 Bxe4 27. Qxe4
Nd5 28. Nd3 Nhf6 29. Qe5 Kg8 30. Rc1 Rxc1 31. Rxc1 Rxc1+ 32. Nxc1 Qb6 33. Qb8+
Kg7 34. Qe5 h5 35. h3 Kf8 36. Bxd5 Nxd5 37. Nd3 Qc7 38. Nc5 b6 39. Ne4 Ke7 40.
Qg5+ Ke8 41. h4 a5 42. Qd2 Kd7 43. Ng5 Ke7 44. Nf3 Kf8 45. Ne5 Kg7 46. Kg2 Ne7
47. b4 a4 48. Nf3 Qc6 49. Qf4 Nf5 50. Qe5+ f6 51. Qf4 Kf7 52. Qd2 Ke7 53. Qd3 b5
54. Kg1 Qd5 55. Qc3 Kd7 56. Kg2 Qc4 57. Qd2 Qd5 58. Qc3 Nd6 59. Qd3 Qe4 60. Qd2
Nf5 61. Qc3 Qd5 62. Qd2 Qb3 63. Qc1 Ne7 64. Qf4 Nd5 65. Qb8 Nc7 66. Qf8 Qxa3 67.
Qxf6 Kc8 68. Qf8+ Kb7 69. Ng5 Qb3 70. Ne4 Qd5 71. f3 a3 72. Nc5+ Ka7 73. Qg7 Kb6
74. Qf8 a2 75. Qb8+ Kc6 76. Qa7 Qxd4 77. Qxa2 Qxb4 78. Nxe6 Nd5 79. Nd8+ Kc5 80.
Qf2+ Kd6 81. Nf7+ Kc6 82. Qc2+ Qc3 83. Qxg6+ Nf6 84. Ng5 Qd2+ 85. Kh3 Qd7+ 86.
Kg2 Qd2+ 87. Kh3 Qd7+ 1/2-1/2

[Event "9th Leiden Open A 2015"]
[Site "Leiden NED"]
[Date "2015.07.19"]
[Round "3.3"]
[White "Nikolic, Predrag"]
[Black "De Jong, Jan-Willem"]
[Result "1-0"]
[WhiteTitle "GM"]
[BlackTitle "IM"]
[WhiteElo "2601"]
[BlackElo "2448"]
[WhiteFideId "14400014"]
[BlackFideId "1008641"]
[EventDate "2015.07.17"]

1. d4 d5 2. c4 dxc4 3. Nf3 a6 4. e3 b5 5. a4 Bb7 6. b3 e6 7. bxc4 bxc4 8. Bxc4
Nf6 9. O-O Nbd7 10. Nbd2 c5 11. Rb1 Qc7 12. Ba3 Bd6 13. Be2 O-O 14. Nc4 Be7 15.
Qd2 Be4 16. Rb2 Nd5 17. Rc1 Rfc8 18. Nce5 Bxf3 19. Nxf3 Qd8 20. Rbc2 cxd4 21.
Bxe7 Rxc2 22. Rxc2 Qxe7 23. Nxd4 h6 24. a5 Qa3 25. g3 Ne5 26. Nc6 Rc8 27. Nxe5
Rxc2 28. Qxc2 Qa1+ 29. Bf1 Qxe5 30. Qc8+ Kh7 31. Qxa6 Nxe3 32. fxe3 Qxe3+ 33.
Kh1 Qe4+ 34. Bg2 Qe1+ 35. Qf1 Qxa5 36. Qxf7 Qe1+ 37. Qf1 Qe3 38. Bf3 g6 39. Qe2
Qb6 40. Kg2 Qd6 41. Qd1 1-0

[Event "9th Leiden Open A 2015"]
[Site "Leiden NED"]
[Date "2015.07.19"]
[Round "3.4"]
[White "Postny, Evgeny"]
[Black "Gindi, Shachar"]
[Result "1-0"]
[WhiteTitle "GM"]
[BlackTitle "FM"]
[WhiteElo "2642"]
[BlackElo "2336"]
[WhiteFideId "2804344"]
[BlackFideId "2804182"]
[EventDate "2015.07.17"]

1. d4 d5 2. c4 e6 3. Nf3 Nf6 4. g3 Be7 5. Bg2 O-O 6. O-O c5 7. dxc5 Bxc5 8. a3
Nc6 9. b4 Be7 10. Nbd2 b6 11. Bb2 Bb7 12. Rc1 Rc8 13. cxd5 Nxd5 14. e4 Nc7 15.
Qb3 Qd7 16. Nc4 Rfd8 17. Rfe1 Qe8 18. h4 Nb5 19. Qe3 Nd6 20. Nxd6 Rxd6 21. Qf4
Bf8 22. h5 h6 23. b5 Na5 24. Ne5 f6 25. Ng6 e5 26. Qg4 Nb3 27. Rcd1 Rcd8 28. Bf1
Nd2 29. Rxd2 Rxd2 30. Bc4+ Kh7 31. Qf5 1-0

[Event "9th Leiden Open A 2015"]
[Site "Leiden NED"]
[Date "2015.07.19"]
[Round "3.5"]
[White "Palit, Somak"]
[Black "Chatalbashev, Boris"]
[Result "0-1"]
[WhiteTitle "IM"]
[BlackTitle "GM"]
[WhiteElo "2360"]
[BlackElo "2516"]
[WhiteFideId "5010454"]
[BlackFideId "2900440"]
[EventDate "2015.07.17"]

1. e4 d6 2. d4 Nf6 3. Nc3 g6 4. Bg5 c6 5. Qd2 b5 6. Bd3 Bg7 7. f4 O-O 8. Nf3 Bg4
9. O-O-O Nbd7 10. h3 Bxf3 11. gxf3 Nh5 12. Ne2 c5 13. e5 f6 14. Bh4 c4 15. Be4
Rc8 16. f5 dxe5 17. fxg6 f5 18. Qg5 hxg6 19. Qxg6 fxe4 20. Qxh5 Qe8 21. Qxe8
Rcxe8 22. fxe4 Kh7 23. Rhg1 Rf3 24. dxe5 Nxe5 25. Bg3 Nc6 26. Rd5 Bh6+ 27. Kb1
Rg8 28. Rh5 b4 29. Rh4 Ne5 30. Rh5 Nf7 31. Rf5 Ng5 32. Be1 Re3 33. Bxb4 Rxe2 34.
h4 Nxe4 35. Rf7+ Rg7 36. Rgxg7+ Bxg7 37. a4 c3 38. bxc3 Kg6 39. Rxe7 Nxc3+ 40.
Kc1 Rxe7 41. Bxe7 Nxa4 42. Kd2 Kf5 43. Ke3 Nb2 44. Bc5 a5 45. Kd2 Nc4+ 46. Kd3
Nb2+ 47. Kd2 Ke4 48. Kc1 Nc4 49. h5 a4 50. c3 Bxc3 51. Bf8 Kf5 52. Kc2 Bf6 53.
h6 Kg6 54. Kb1 Bg5 0-1

[Event "9th Leiden Open A 2015"]
[Site "Leiden NED"]
[Date "2015.07.19"]
[Round "3.6"]
[White "Wilschut, Peter"]
[Black "Petrov, Marian"]
[Result "1/2-1/2"]
[BlackTitle "GM"]
[WhiteElo "2238"]
[BlackElo "2487"]
[WhiteFideId "1007165"]
[BlackFideId "2901773"]
[EventDate "2015.07.17"]

1. c4 g6 2. Nc3 Bg7 3. g3 Nf6 4. Bg2 O-O 5. Nf3 d6 6. O-O e5 7. d3 c6 8. Rb1 Re8
9. Bg5 h6 10. Bxf6 Bxf6 11. b4 Bg7 12. b5 c5 13. Ne1 f5 14. Nd5 Nd7 15. Nc2 h5
16. e4 f4 17. gxf4 exf4 18. Nxf4 Ne5 19. Nd5 g5 20. Nce3 g4 21. f4 gxf3 22. Bxf3
Rf8 23. Bg2 Qg5 24. Rxf8+ Bxf8 25. Kh1 Bg7 26. Nf5 Bxf5 27. exf5 Ng4 28. Qe1 Kh8
29. f6 Bxf6 30. Nxf6 Qxf6 31. Qg3 Rg8 32. Rf1 Qe7 33. Be4 Rf8 34. Rxf8+ Qxf8 35.
Bf3 Ne5 36. Be2 Qh6 37. Qh4 Kg7 38. Qe7+ Nf7 39. Qxb7 Qc1+ 40. Kg2 Qg5+ 41. Kf1
Qc1+ 42. Kf2 Qf4+ 43. Qf3 Qxh2+ 44. Qg2+ Qxg2+ 45. Kxg2 d5 46. a4 dxc4 47. dxc4
Nd6 48. a5 Kf6 49. Kf3 h4 50. Kf4 h3 51. b6 axb6 52. axb6 Ke7 53. Ke5 h2 54. Bf3
Nxc4+ 55. Kd5 Nxb6+ 56. Kxc5 Nd7+ 57. Kd4 Kf6 58. Ke3 Ne5 59. Bb7 Kg5 60. Kf2 1/2-1/2

[Event "9th Leiden Open A 2015"]
[Site "Leiden NED"]
[Date "2015.07.19"]
[Round "3.7"]
[White "Das, Arghyadip"]
[Black "Van der Elburg, Freddie"]
[Result "1-0"]
[WhiteTitle "IM"]
[WhiteElo "2457"]
[BlackElo "2185"]
[WhiteFideId "5003610"]
[BlackFideId "1007904"]
[EventDate "2015.07.17"]

1. e4 c5 2. Nf3 e6 3. d4 cxd4 4. Nxd4 Nc6 5. Nc3 Qc7 6. f4 a6 7. Nxc6 Qxc6 8.
Bd3 b5 9. Qe2 Bb7 10. Bd2 Ne7 11. a3 Qc7 12. e5 Nf5 13. O-O-O Be7 14. Rhf1 h5
15. Kb1 g6 16. Ne4 a5 17. Nd6+ Nxd6 18. exd6 Bxd6 19. Bc3 Rg8 20. Bxb5 Bc6 21.
Bxc6 Qxc6 22. Rd3 Be7 23. g3 a4 24. h3 f6 25. f5 gxf5 26. Qxh5+ Kd8 27. Bxf6
Bxf6 28. Qf7 Kc7 29. Qxf6 Kb7 30. Rf4 Ra7 31. Qf7 Rd8 32. Qe7 Qc7 33. Rc3 Qa5
34. Rb4+ Ka8 35. Rc5 1-0

[Event "9th Leiden Open A 2015"]
[Site "Leiden NED"]
[Date "2015.07.19"]
[Round "3.8"]
[White "Pijpers, Arthur"]
[Black "Kolodkin, Daniil"]
[Result "1-0"]
[WhiteElo "2433"]
[BlackElo "2208"]
[WhiteFideId "1019554"]
[BlackFideId "1039776"]
[EventDate "2015.07.17"]

1. e4 c5 2. Nc3 d6 3. Nf3 Nf6 4. d4 cxd4 5. Nxd4 a6 6. Bg5 Nbd7 7. Bc4 Qb6 8.
Bb3 e6 9. Qd2 Be7 10. O-O-O Nc5 11. Rhe1 Qc7 12. f4 h6 13. e5 hxg5 14. exf6 gxf6
15. Nf5 Nxb3+ 16. axb3 exf5 17. Nd5 Qd8 18. Rxe7+ Kf8 19. fxg5 fxg5 20. Rde1 Be6
21. R1xe6 1-0

[Event "9th Leiden Open A 2015"]
[Site "Leiden NED"]
[Date "2015.07.19"]
[Round "3.9"]
[White "Van der Marel, Lambertus"]
[Black "Van Delft, Merijn"]
[Result "1-0"]
[BlackTitle "IM"]
[WhiteElo "2161"]
[BlackElo "2428"]
[WhiteFideId "1005855"]
[BlackFideId "1004670"]
[EventDate "2015.07.17"]

1. b3 d5 2. Bb2 c6 3. g3 Bf5 4. Bg2 e6 5. Nf3 h6 6. d3 Nf6 7. Nbd2 Be7 8. Nh4
Bh7 9. e4 a5 10. a3 O-O 11. Qe2 a4 12. O-O axb3 13. cxb3 Nbd7 14. Nhf3 Nc5 15.
Ne5 Qb6 16. Bd4 Qa6 17. Qe3 Qb5 18. Rfc1 Ncd7 19. Nxd7 Nxd7 20. a4 Qa5 21. exd5
cxd5 22. Bh3 Bf6 23. Nf3 Qb4 24. Rc7 Rad8 25. Bxf6 Nxf6 26. d4 Ne4 27. Rac1 Rd6
28. Ne5 Ng5 29. Bf1 f6 30. Nd7 Rd8 31. Nc5 Qxd4 32. Nxb7 Be4 33. Bg2 Qb4 34.
Nxd8 Rxd8 35. h4 d4 36. Qf4 e5 37. Qg4 h5 38. Qxh5 Bxg2 39. Kxg2 1-0